[Event "GER-chT U18 Girls"]
[Site "Karlsruhe"]
[Date "2015.05.09"]
[Round "4.3"]
[White "Schaefer, Leonie"]
[Black "Wilmar, Anna"]
[Result "1/2-1/2"]
[WhiteElo "792"]
[BlackElo "800"]
[PlyCount "169"]
[EventDate "2015.05.07"]
[EventType "team-swiss"]
[EventRounds "7"]
[EventCountry "GER"]
[SourceTitle "EXT 2017"]
[Source "ChessBase"]
[SourceDate "2016.10.25"]
[SourceVersion "1"]
[SourceVersionDate "2016.10.25"]
[SourceQuality "1"]
[WhiteTeam "Lingen Franziskus (W)"]
[BlackTeam "Meuselwitz (W)"]
[WhiteTeamCountry "GER"]
[BlackTeamCountry "GER"]

1. c4 e5 2. Nc3 Nf6 3. e3 Bb4 4. Nge2 d5 5. b3 d4 6. exd4 exd4 7. Nb5 Nc6 8. Bb2 d3 9. Nf4 Qe7+ 10. Ne2 dxe2 11. Bxe2 a6 12. Nc3 Bxc3 13. Bxc3 0-0 14. 0-0 Ne4 15. Bb2 Qg5 16. Bc1 Nd4 17. d3 Qe5 18. dxe4 Nxe2+ 19. Qxe2 Qxa1 20. Ba3 Qf6 21. Bxf8 Kxf8 22. e5 Qg6 23. Kh1 Be6 24. f3 Re8 25. Qd2 f6 26. Qb4+ Kf7 27. exf6 Qxf6 28. Qxb7 Qe7 29. Qxa6 Bd7 30. a3 c5 31. Qb7 Bc8 32. Qxe7+ Rxe7 33. Kg1 Rb7 34. Rb1 Ke7 35. h4 Bf5 36. Rb2 h5 37. Kf2 Kf6 38. a4 Ke5 39. a5 Ra7 40. Ra2 Kd4 41. a6 Kc3 42. Ra3 Kb4 43. Ra1 Kxb3 44. Rg1 Kxc4 45. Ke3 g6 46. Kf4 Rxa6 47. g4 hxg4 48. fxg4 Bd7 49. h5 Kd5 50. hxg6 Rxg6 51. Rd1+ Kc6 52. Rg1 c4 53. Rg3 Kd5 54. g5 Kd4 55. Kf3 c3 56. Ke2 Bb5+ 57. Kd1 Bd3 58. Rg4+ Be4 59. Rg3 Rc6 60. Rg4 c2+ 61. Kc1 Kc3 62. Rxe4 Kd3 63. Rb4 Rc5 64. g6 Kc3 65. Rb7 Rg5 66. Rc7+ Kd3 67. g7 Rg1+ 68. Kb2 Rg2 69. Rd7+ Kc4 70. Rc7+ Kd3 71. Rd7+ Kc4 72. Rc7+ Kd3 73. Rd7+ Ke4 74. Re7+ Kf5 75. Rf7+ Ke6 76. Rc7 c1Q+ 77. Kxc1 Kf6 78. g8Q Rxg8 79. Rc6+ Ke7 80. Rc7+ Kf6 81. Rc6+ Kg5 82. Rc5+ Kh6 83. Kc2 Rd8 84. Rc6+ Kg5 85. Rc5+ 1/2-1/2

[Event "GER-chT U18 Girls"]
[Site "Karlsruhe"]
[Date "2015.05.09"]
[Round "6.3"]
[White "Wilmar, Anna"]
[Black "Buschek, Paula"]
[Result "1-0"]
[WhiteElo "800"]
[BlackElo "788"]
[PlyCount "79"]
[EventDate "2015.05.07"]
[EventType "team-swiss"]
[EventRounds "7"]
[EventCountry "GER"]
[SourceTitle "EXT 2017"]
[Source "ChessBase"]
[SourceDate "2016.10.25"]
[SourceVersion "1"]
[SourceVersionDate "2016.10.25"]
[SourceQuality "1"]
[WhiteTeam "Meuselwitz (W)"]
[BlackTeam "Berlin Kollwith Gymn (W)"]
[WhiteTeamCountry "GER"]
[BlackTeamCountry "GER"]

1. d4 d6 2. Nf3 Nd7 3. Bf4 c5 4. dxc5 dxc5 5. e3 Ngf6 6. Bb5 g6 7. Ne5 Bg7 8. Bc4 0-0 9. Nc3 Nxe5 10. Bxe5 Bf5 11. Bxf6 Bxf6 12. e4 Qxd1+ 13. Kxd1 Rad8+ 14. Ke2 Bxc3 15. bxc3 Bxe4 16. Bd3 Bxg2 17. Rhe1 a6 18. c4 Rb8 19. a4 Bc6 20. Kf1 b5 21. cxb5 axb5 22. c4 bxa4 23. Rxe7 Rfe8 24. Re2 Rb3 25. Bc2 Rb2 26. Bd3 a3 27. Rxa3 Rb4 28. Ra5 Bb7 29. Rxe8+ Kg7 30. Rxc5 Rb3 31. Rb5 Rxd3 32. Rxb7 h5 33. c5 Rc3 34. Rc7 Rc1+ 35. Kg2 g5 36. Kg3 h4+ 37. Kg2 Kg6 38. f3 f5 39. Re6+ Kh5 40. Rh7# 1-0